| 000 | 00699nam a2200229Ia 4500 | ||
|---|---|---|---|
| 005 | 20250718110016.0 | ||
| 041 | _amar | ||
| 082 |
_aM2G _bJNA/BHI |
||
| 100 | _aज्ञानेश्वर | ||
| 245 | 0 |
_aश्री ज्ञानेश्वरी सुलभ गद्यरुपांतर _cShri Dnyaneshvari Sulabha Gadyarupantar |
|
| 250 | _a5th ed | ||
| 260 |
_aPune _bN A Kakatkar _c2001 |
||
| 300 | _a524 p. | ||
| 650 | _aHinduism | ||
| 650 | _aBhagavad Gita | ||
| 650 | _aDnyaneshvari | ||
| 700 | _aदेशमुख, केशवंराव | ||
| 700 | _aDnyaneshwar | ||
| 700 | _aDeshmukh, Keshavrao | ||
| 942 | _cBK | ||
| 008 | 250718s9999||||xx |||||||||||||| ||und|| | ||
| 999 |
_c53801 _d53801 |
||